=LDR 00000nam 2200000 4500 =001 INLIS000000000023634 =005 20130612122259 =008 ***********************************Ind** =035 ##$$0010-061300000023634 =041 ##$$a Ind =082 ##$$a 005.58 =090 ##$$a 005.58, Hen t =100 ##$$a Hendratman, Hendi =245 ##$$a The majic of after effect, Hendi Hendratman =260 ##$$a 2005 $b Bandung =300 ##$$a 258, ilus, 21 cm =650 ##$$a Software - program komputer =850 ##$$a NBPNMAT